Evaluación del sistema de tratamiento de aguas residuales del hospital regional de Estelí.
Presenta la evaluación de la planta de tratamiento de aguas residuales del hospital regional de Estelí, a través de la caracterización del efluente global del volumen de aguas residuales, el cual está constituido por comentes de aportación de similar caracterización; tanto en lo referente a c...
| Main Authors: | , |
|---|---|
| Other Authors: | |
| Format: | Tesis Section = Libro |
| Language: | Undetermined Spanish |
| Published: |
Managua
UNI
2001
|
| Subjects: |
| LEADER | 01825nam a2200253Ia 4500 | ||
|---|---|---|---|
| 008 | 240830s9999 xx 000 0 und d | ||
| 040 | |a BIBLIOTECA-RUSB/ Mon 628.3 C579 | ||
| 041 | |a spa | ||
| 082 | |a Mon 628.3 C579 | ||
| 100 | 1 | |a Cisneros Salazar, Idalia. | |
| 100 | 1 | |b Hidalgo Castro, Arnoldo | |
| 245 | 1 | 0 | |a Evaluación del sistema de tratamiento de aguas residuales del hospital regional de Estelí. |
| 260 | |a Managua |b UNI |c 2001 | ||
| 300 | |a 191 p. :il. | ||
| 502 | |a Tesis (Ingeniero Químico) - UNI, 2001. | ||
| 520 | 3 | |a Presenta la evaluación de la planta de tratamiento de aguas residuales del hospital regional de Estelí, a través de la caracterización del efluente global del volumen de aguas residuales, el cual está constituido por comentes de aportación de similar caracterización; tanto en lo referente a caudal como a carga residual. Los análisis fisicoquímicos, microbiológicos e hidráulicos realizados a los principales parámetros de control y operación como: pH, relación de alealinidad y temperatura, se llevaron a cabo en el mismo momento en que se tomó la muestra otros parámetros como alcalinidad total, sólidos, DBO5 , DQO, nutrientes, oferentes y grasas fueron analizados en el laboratorio de aguas residuales del PIDMA, mientras que los análisis correspondientes a coliformes fueron analizados en el centro Nacional de Diagnóstico y referencia del MINSA en cuanto al caudal este se media en el efluente del tanque de Imhoff. | |
| 650 | 7 | |a TRATAMIENTO Y ELIMINACION DE AGUAS NEGRAS - HOSPITAL REGIONAL ESTELI | |
| 650 | 7 | |b TRATAMIENTO DE AEROBIO DE AGUAS RESIDUALES | |
| 650 | 7 | |c SEDIMENTACION | |
| 650 | 7 | |d CONTAMINACIION POR DESECHOS HOSPITALARIOS | |
| 700 | 1 | |a Tutor: |b Acevedo Lugo, Ernesto José | |
| 942 | |c BK |2 ddc | ||
| 991 | |a TESIS | ||
| 999 | |c 20464 | ||